000 00338nam a2200133Ia 4500
008 240624s9999 xx 000 0 und d
041 _aeng
082 _a658.4 SHA
100 _aSHAPIRA ZUR
245 _aORGANIZATIONAL DECISION MAKING
260 _c2002
_aCambridge
_bCambridge University Press
300 _a412 : p.
365 _cBPS
_b27
999 _c15839
_d15839